Normal view
MARC view
Entry Topical Term
001 - CONTROL NUMBER
- control field: 11243
003 - CONTROL NUMBER IDENTIFIER
- control field: OSt
005 - DATE AND TIME OF LATEST TRANSACTION
- control field: 20161024182846.0
008 - FIXED-LENGTH DATA ELEMENTS
- fixed length control field: 161024|| aca||aabn | a|a d
040 ## - CATALOGING SOURCE
- Original cataloging agency: OSt
- Transcribing agency: OSt
150 ## - HEADING--TOPICAL TERM
- Topical term or geographic name entry element: Economic strategies
670 ## - SOURCE DATA FOUND
- Source citation: Work cat.: (OSt): Edited by Jean-Pierre, Cling; Mireille, Razafindrakoto; Francois, Roubaud 11242, New International Poverty Reduction Strategies
